1836 1611 1449 1787 1771 1752 1762 1872 1256 1947 1912 1686 1848 1414 1422 1300 1026 1311 1600 1474 1729 1324 1191 1320 1758 1914 1010 1779 1118 1215 1276 1798 1426 1780 1206 1396 1478 1425 1916 1117 1011 1344 1631 1880 1315 1290 1611 1895 1196 1062 1927 1338 1178 1074 1508 1769 1223 1542 1234 1604 1518 1141 1983 1165 1710 1582 1686 1041 1684 1959 1308 1712 1840 1386 1676 1624 1885 1322 1802 1046 1715 1148 1549 1265 1307 1424 1952 1146 1389 1866 1523 1259 1255 1275 1069 1569 1951 1184 1908 BCNSPRNW ULIB Ver.6.0+V

เปลี่ยนเป็นภาษาไทย

Change to English
 แสดงรายละเอียดบรรณานุกรม
  กลับหน้าหลัก

Brief Record : Get Marc (ISO 2709) : E-mail record : QR code < ปิดหน้าต่าง
LEADER : 00000nam 2200000uu 4500
001    13399115045
003     ULIB
008    120705s2541||||th 000 0 tha d
020    ^a9789742463417
060  4 ^aW13^bว579พ 2541
100 0  ^aวิทย์ เที่ยงบูรณธรรม
245 10 ^aพจนานุกรมแพทยศาสตร์ 1 =^bMedical Dictionary 1/^cวิทย์ เที่ยงบูรณธรรม
246 31 ^aMedical Dictionary 1
260    ^aกรุงเทพฯ :^bอักษรพิทยา,^c2541
300    ^a1,289 หน้า
650  7 ^aศัพท์การแพทย์
650  7 ^aแพทย์^xพจนานุกรม
945    ^p995^l0^i13553
945    ^p995^l0^i13552
995    ^aกัณชพร
999    ^aใช้งานได้ทุกระบบ
รายการนี้ยังไม่มีแท็ก
คุณยังไม่ได้ล็อกอิน คุณสามารถมีกิจกรรมร่วมกับเว็บไซต์ได้ แต่ต้องล็อกอินก่อน ::
  ล็อกอิน

รายการสื่อสารสนเทศ

ลำดับที่ ประเภท เลขเรียก/บาร์โค้ด สถานที่ สถานะ
- ไม่พบข้อมูล -

รายการใกล้เคียง
    ผู้แต่ง [วิทย์ เที่ยงบูรณธรรม]

    หัวเรื่อง [ศัพท์การแพทย์]

BibComment


ยังไม่เคยถูกคอมเมนท์

คอมเมนท์ทรัพยากรรายการนี้
  คอมเมนท์: พจนานุกรมแพทยศาส..


 Copyright 2026. Bcnsprnw @Library